Catálogo

Vista normal Vista MARC

Entrada Personal Name

Número de registros utilizados en: 1

001 - CONTROL NUMBER

  • control field: 17830

003 - CONTROL NUMBER IDENTIFIER

  • control field: DLC

005 - DATE AND TIME OF LATEST TRANSACTION

  • control field: 20260210155407.0

008 - FIXED-LENGTH DATA ELEMENTS

  • fixed length control field: 150205n| azannaabn |n aaa

010 ## - LIBRARY OF CONGRESS CONTROL NUMBER

  • LC control number: nb2015002617

035 ## - SYSTEM CONTROL NUMBER

  • System control number: (Uk)009248337

040 ## - CATALOGING SOURCE

  • Original cataloging agency: Uk
  • Language of cataloging: spa
  • Description conventions: rda
  • Transcribing agency: Mx-PuUPA
  • Modifying agency: Mx-PuUPA

046 ## - SPECIAL CODED DATES

  • Start period: 20

100 1# - HEADING--PERSONAL NAME

  • Personal name: Coates, Kathryn,

370 ## - ASSOCIATED PLACE

  • Associated country: Gran Bretaña
  • Other associated place: Nottingham (Inglaterra)
  • Source of term: naf

372 ## - FIELD OF ACTIVITY

  • Field of activity: Enseñanza universitaria
  • Field of activity: Artes Gráficas
  • Source of term: lcsh

373 ## - ASSOCIATED GROUP

  • Associated group: Universidad de Nottingham Trent
  • Source of term: naf

374 ## - OCCUPATION

  • Occupation: Profesora universitaria
  • Occupation: Autora
  • Source of term: lcsh

375 ## - GENDER

  • Gender: mujer

377 ## - ASSOCIATED LANGUAGE

  • Language code: eng

670 ## - SOURCE DATA FOUND

  • Source citation: An introduction to information design, 2014:
  • Information found: t.p. (Kathryn Coates) inside back cover (Senior Lecturer in Graphic Design at Nottingham Trent University)